Universities Superannuation Scheme Ltd v Marks and Spencer plc (Record no. 57767)
[ view plain ]
| 000 -LEADER | |
|---|---|
| fixed length control field | 01625cab a2200241 4500 |
| 001 - CONTROL NUMBER | |
| control field | ABS60001 |
| 008 - FIXED-LENGTH DATA ELEMENTS--GENERAL INFORMATION | |
| fixed length control field | 090401t1999 xxu||||| |||| 00| 0 eng d |
| 035 ## - SYSTEM CONTROL NUMBER | |
| System control number | (Sirsi) u91043 |
| 041 ## - LANGUAGE CODE | |
| Language code of text/sound track or separate title | eng |
| 245 ## - TITLE STATEMENT | |
| Title | Universities Superannuation Scheme Ltd v Marks and Spencer plc |
| 260 ## - PUBLICATION, DISTRIBUTION, ETC. | |
| Date of publication, distribution, etc. | 1999 |
| 350 ## - PRICE (NR) (BK AM CF MU VM SE) [OBSOLETE] | |
| Price | 0 |
| 490 ## - SERIES STATEMENT | |
| Series statement | Estates Gazette Law Reports |
| Volume/sequential designation | [1999] 04 EG 158-161(4) |
| 520 ## - SUMMARY, ETC. | |
| Summary, etc. | CA 18 November 1998. The respondant tenant (M&S) holds a lease of a retail store in a shopping centre. The appellant landlord (USS) holds the reversion. M&S pay service charges, the amount of which is certified in writing by USS annually. The service charges are calculated by reference to the rateable value of the premises as a proportion of the aggregate of the rateable values of all the properties in the town centre benefiting from the services. USS` agents miscalculated the amount of service charges payable for two years, underestimating the rateable value of the premises. USS` claim for the balance for these two years was dismissed on the basis that M&S` obligation to pay the service charges was satisfied by the payment of the amount specified in the annual certificate. "Held": appeal allowed. The contractual obligation of M&S was to pay the service charges calculated in accordance with the terms of the lease. |
| 650 ## - SUBJECT ADDED ENTRY--TOPICAL TERM | |
| Topical term or geographic name entry element | LANDLORD AND TENANT |
| 9 (RLIN) | 6252 |
| 650 ## - SUBJECT ADDED ENTRY--TOPICAL TERM | |
| Topical term or geographic name entry element | LEASE |
| 650 ## - SUBJECT ADDED ENTRY--TOPICAL TERM | |
| Topical term or geographic name entry element | RATEABLE VALUE |
| 650 ## - SUBJECT ADDED ENTRY--TOPICAL TERM | |
| Topical term or geographic name entry element | SERVICE CHARGES |
| 650 ## - SUBJECT ADDED ENTRY--TOPICAL TERM | |
| Topical term or geographic name entry element | UNIVERSITIES SUPERANNUATION SCHEME LTD V MARKS & SPENCER PLC |
| 690 ## - LOCAL SUBJECT ADDED ENTRY--TOPICAL TERM (OCLC, RLIN) | |
| Topical term or geographic name as entry element | LANDLORD AND TENANT-CASE LAW-BUSINESS TENANCIES |
| 942 ## - ADDED ENTRY ELEMENTS (KOHA) | |
| Suppress in OPAC | 0 |
| 948 ## - LOCAL PROCESSING INFORMATION (OCLC); SERIES PART DESIGNATOR (RLIN) | |
| c (OCLC) | 02/02/1999 |
| Withdrawn status | Lost status | Source of classification or shelving scheme | Damaged status | Not for loan | Home library | Current library | Shelving location | Date acquired | Total Checkouts | Full call number | Barcode | Date last seen | Copy number | Price effective from | Koha item type |
|---|---|---|---|---|---|---|---|---|---|---|---|---|---|---|---|
| Dewey Decimal Classification | London | London | Journal article | 14/09/1999 | ABS60001 | 91043-1001 | 06/08/2019 | 1 | 06/08/2019 | Law report |